000 01516cab a2200265Ia 45 0
001 u192792
003 SIRSI
008 110619s2007 ua ss b eng d
040 _aEAL
090 _aART ICEE V2 22
100 1 _aJoshi, Neelendra K.
240 1 4 _aThe Second International Conference of Economic Entomology, 2007 v.2
_h[electronic resource].
245 1 0 _aEvaluation of confidor 200 SL against wheat aphids, and study of relanve susceptibility of wheat germplasms to sitophilus oryzae (l.) (coleoptera: curculionidae)
_h[electronic resource].
300 _ap.311-321.
504 _aIncludes references.
520 _aTwo experiments were conducted to evaluate Confider 200 SL against wheat aphids. and to Study relative susceptibility of wheat gennplasms aganist Sitophilus oryzae (L.) (Coleoptera: Cnrcnlionidae). Confider 200 SL @ 400 mllha treatment was found most effective against wheat aphids. In all cases (except mixing .of Confider 200 SL (a) 100 ml/ha with Tilt@0.01 %). Confider 200 SL was founded compatible with Tilt 0.01 %. In mixing. aphid incidence was found higher than the untreated control.
650 0 _aWheat
_xDiseases and pests
_xControl.
650 0 _aGreenbug
_xControl.
650 0 _aRice weevil.
650 0 _aGreenbug
_xBiological control.
700 1 _aSharma, V. K.
773 0 _tThe Second International Conference of Economic Entomology.
_g2007.v.2
_7nnab
_wu192581
856 4 0 _uhttp://nile.enal.sci.eg/EALE/2007/ICEE/Conf/207/311.pdf
_zFull Text Articles.
596 _a1
942 _cAR
_2lcc
999 _c46465
_d46465